Gaming Quiz

Random Gaming or Mario Quiz
Score 0/41 Timer 10:00
1 Play Today
Character % Correct
Mario
99.1%
Luigi
97.7%
Peach
94.1%
Bowser
92.1%
Daisy
91.7%
Donkey Kong
90.9%
Yoshi
89.6%
Wario
89.2%
Waluigi
88.3%
Diddy Kong
88.1%
Bowser Jr.
87.3%
Toad
85.8%
Koopa
82.8%
Birdo
82.4%
Baby Mario
81.3%
Baby Luigi
80.9%
Baby Peach
79.2%
Boo
78.1%
Baby Daisy
77.7%
Toadette
76.9%
King Boo
75.6%
Character % Correct
Goomba
75.4%
Dry Bones
74.9%
Funky Kong
71.1%
Paratroopa
70.1%
Toadsworth
69.4%
Dixie Kong
68.2%
Shy Guy
67.9%
Hammer Bro
66.5%
Paragoomba
64.8%
Petey Piranha
62.9%
King K. Rool
62.4%
Baby Donkey Kong
60.9%
Tiny Kong
59.9%
Blooper
59.7%
Kritter
58.8%
Magikoopa
58.6%
Wiggler
57.8%
Pianta
55.8%
Noki
54.1%
Monty Mole
53.9%

You're not logged in!

Compare scores with friends on all Sporcle quizzes.
OR
Log In

Sporcle TV

Today on Sporcle TV


Watch our educational content, quiz creation guides, and fun videos on Sporcle TV.

Show Comments

Extras

Created Oct 8, 2009ReportNominate
Tags:Mario Quiz, Character, Slugger

Top Quizzes Today


Score Distribution

Paid Content

Your Account Isn't Verified!

In order to create a playlist on Sporcle, you need to verify the email address you used during registration. Go to your Sporcle Settings to finish the process.

Report this User

Report this user for behavior that violates our Community Guidelines.

Details: